| 000 | 00661nac a22001931u 4500 | ||
|---|---|---|---|
| 020 | _a8120327276 | ||
| 082 |
_a621.4021 _bPAU |
||
| 090 |
_c9743 _d9743 |
||
| 100 | _a20080729 | ||
| 245 |
_aMchanical sciences: _bEngineering thermodynamics and fluid mechanics: _cAkshoy Ranjan Paul, Sanchayan Mukherjee and Pijush Roy |
||
| 260 |
_aNew Delhi: _bPrentice Hall of India,2005 _c2005 |
||
| 300 |
_a587p.: _bill.; _c22 cm. |
||
| 500 | _adistributer: Al-Ahram | ||
| 511 | _acatalogued by: wessam | ||
| 650 | _aThermodynamics | ||
| 700 | _aMukherjee, Sanchayan | ||
| 700 | _aRoy, Pijush | ||
| 942 |
_cBB _k621.4021PAU |
||
| 999 |
_c9743 _d9743 |
||